000
00234nam a22000857a 4500
008
161201b xxu||||| |||| 00| 0 eng d
100
_9
1692
_a
Methodex Com.Tech.
245
_a
Computer Science Part-1
260
_a
New Delhi
_b
Methodex Comp.Tech.
999
_c
4404
_d
4404